Yoo..viendo : (Registro nro. 5139)

Detalles MARC
000 -CABECERA
Campo de control 00628nam a2200205 a 4500
005 - FECHA Y HORA DE LA ULTIMA TRANSACCION
Campo de control 20171201123023.0
008 - ELEMENTOS DE LONGITUD FIJA—INFORMACION GENERAL
Campo de control 140115s2002 ck a gr|||| 00| 0 spa d
020 ## - ISBN
ISBN 9588137381
040 ## - FUENTE DE CATALOGACIÓN
Agencia catalogadora original CO-BoIAVH
Agencia transcriptora CO-BoIAVH
041 0# - IDIOMA
Código de idioma para texto/pista de sonido o título separado Español
044 ## - PAÍS DE PUBLICACIÓN
País de publicación Colombia
082 ## - NUMERO DE CLASIFICACION DECIMAL DEWEY
Número de clasificación 352.743
Número del ítem Y59v
110 2# - ASIENTO PRINCIPAL--NOMBRE CORPORATIVO
Nombre corporativo o de jurisdicción como elemento de entrada Colombia
Unidad subordinad Ministerio de Desarrollo Económico
9 (RLIN) 11961
245 ## - MENCION DE TITULO
Título Yoo..viendo :
Parte restante del título Veeduría ciudadana
260 ## - PUBLICACION, DISTRIBUCION, ETC. (PIE DE IMPRENTA)
Lugar de publicación, distribución, etc. Bogotá :
Nombre del editor, distribuidor, etc. Ministerio de Desarrollo Económico,
Fecha de publicación, distribución, etc. 2002?
300 ## - DESCRIPCION FISICA
Extensión 38 páginas :
Otros detalles físicos Ilustraciones ;
Dimensiones 28 x 22 cm.
650 26 - ASIENTO SECUNDARIO DE MATERIA - TERMINO TEMATICO
Término temático o nombre geográfico como elemento de entrada Participación ciudadana
9 (RLIN) 87552
650 26 - ASIENTO SECUNDARIO DE MATERIA - TERMINO TEMATICO
Término temático o nombre geográfico como elemento de entrada Pacifico
9 (RLIN) 87553
942 ## - ELEMENTOS ADICIONALES (KOHA)
Tipo de ítem Libro
Sistema de clasificación Dewey Decimal Classification
Existencias
Withdrawn status Lost status Sistema de Clasificación Damaged status No para préstamo Colección Inventariado Ubicación Permanente Ubicación actual Fecha de adquisición Total Checkouts Número topográfico Inventario / Código de Barras Date last seen Date checked out Ejemplar Price effective from Forma de adquisición Tipo de material
    Dewey Decimal Classification     Educación Ambiental Inventariado 2017 Sala Fabio Quevedo Sala Fabio Quevedo 11/01/2006 1 LB-352.743 Y59v 022838 18/03/2017 31/08/2016 Ej. 1 04/12/2012 Donación Libro
    Dewey Decimal Classification     Educación Ambiental Inventariado 2017 Sala Fabio Quevedo Sala Fabio Quevedo 29/01/2016   LB-352.743 Y59v 022839 29/01/2016   Ej. 2 29/01/2016 Donación Libro